Rubber thaikalil krithrimamayi sakhakal valarthuvan sradhikkenda karyangal (Record no. 68045)

MARC details
000 -LEADER
fixed length control field 00302nam a2200109Ia 4500
100 ## - MAIN ENTRY--AUTHOR NAME
Personal name Mathew G
245 #0 - TITLE STATEMENT
Title Rubber thaikalil krithrimamayi sakhakal valarthuvan sradhikkenda karyangal
260 ## - PUBLICATION, DISTRIBUTION, ETC. (IMPRINT)
Name of publisher Rubber Mithram
Year of publication 2008
300 ## - PHYSICAL DESCRIPTION
Number of Pages 35-38
942 ## - ADDED ENTRY ELEMENTS (KOHA)
Koha item type Journals
Holdings
Withdrawn status Lost status Damaged status Not for loan Home library Current library Shelving location Date acquired Serial Enumeration / chronology Koha item type
      Journals RRII Library RRII Library Botany 17/12/2021 Volume 10, Issue Aug Journals